000
00236nam a22000977a 4500
999
_c
2937
_d
2937
008
190430e1982 ag ||||| |||| 00| 0 spa d
100
_a
Fabre, Jean
245
_a
Terapeutica medica
260
_a
Buenos Aires
_b
El Ateneo
_c
1982
500
_3
Baja